<?xml version="1.0" encoding="UTF-8"?>
<record
    xmlns:xsi="http://www.w3.org/2001/XMLSchema-instance"
    xsi:schemaLocation="http://www.loc.gov/MARC21/slim http://www.loc.gov/standards/marcxml/schema/MARC21slim.xsd"
    xmlns="http://www.loc.gov/MARC21/slim">

  <leader>00412nam a2200157Ia 4500</leader>
  <controlfield tag="008">230718s9999    xx            000 0 und d</controlfield>
  <datafield tag="041" ind1=" " ind2=" ">
    <subfield code="a">eng</subfield>
  </datafield>
  <datafield tag="082" ind1=" " ind2=" ">
    <subfield code="a">005.3</subfield>
    <subfield code="b">GOO</subfield>
  </datafield>
  <datafield tag="100" ind1=" " ind2=" ">
    <subfield code="a">Goodwill J.</subfield>
    <subfield code="9">108985</subfield>
  </datafield>
  <datafield tag="245" ind1=" " ind2=" ">
    <subfield code="a">Pure JSP</subfield>
    <subfield code="b">Java Server Pages</subfield>
  </datafield>
  <datafield tag="260" ind1=" " ind2=" ">
    <subfield code="c">2000</subfield>
    <subfield code="b">Techmedia publication</subfield>
  </datafield>
  <datafield tag="300" ind1=" " ind2=" ">
    <subfield code="a">320</subfield>
  </datafield>
  <datafield tag="365" ind1=" " ind2=" ">
    <subfield code="c">Rs.</subfield>
    <subfield code="b">150.00</subfield>
  </datafield>
  <datafield tag="700" ind1=" " ind2=" ">
    <subfield code="a">Goodwill J.</subfield>
    <subfield code="9">108985</subfield>
  </datafield>
  <datafield tag="906" ind1=" " ind2=" ">
    <subfield code="d">B:BY NIIT13-Oct-2005</subfield>
    <subfield code="c">COMP</subfield>
    <subfield code="b">20</subfield>
  </datafield>
  <datafield tag="999" ind1=" " ind2=" ">
    <subfield code="c">309045</subfield>
    <subfield code="d">309045</subfield>
  </datafield>
  <datafield tag="952" ind1=" " ind2=" ">
    <subfield code="0">0</subfield>
    <subfield code="1">0</subfield>
    <subfield code="4">0</subfield>
    <subfield code="7">0</subfield>
    <subfield code="a">CCEP</subfield>
    <subfield code="b">CCEP</subfield>
    <subfield code="d">2004-11-01</subfield>
    <subfield code="e">Goels Computer Hut</subfield>
    <subfield code="f">COMP</subfield>
    <subfield code="g">130.00</subfield>
    <subfield code="i">BY NIIT</subfield>
    <subfield code="l">0</subfield>
    <subfield code="o">005.3</subfield>
    <subfield code="p">CCEP-BK-20252</subfield>
    <subfield code="r">2023-07-18 00:00:00</subfield>
    <subfield code="t">20</subfield>
    <subfield code="v">150.00</subfield>
    <subfield code="w">2005-10-13</subfield>
    <subfield code="y">BK</subfield>
    <subfield code="z">020252</subfield>
  </datafield>
</record>
